Thực hành nói tiếng Anh Excellent easy English

Guardat en:
Dades bibliogràfiques
Autor principal: Eismin, Greg
Altres autors: Nguyễn, Thành Yến
Format: Llibre
Publicat: T.P. Hồ Chí Minh Tổng hợp T.P. Hồ Chí Minh 2009
Col·lecció:Học tiếng Anh theo đĩa hình. HomeCollege
Matèries:
Etiquetes: Afegir etiqueta
Sense etiquetes, Sigues el primer a etiquetar aquest registre!
Thư viện lưu trữ: Trung tâm Học liệu Lê Vũ Hùng, Trường Đại học Đồng Tháp
LEADER 01170pmm a22003858a 4500
001 00034286
005 20171026081025.0
008 160609s2009 ||||||Engsd
020 # # |c 72000 
041 0 # |a Eng 
082 1 4 |a 428  |b TH552H 
100 1 # |a Eismin, Greg 
245 1 0 |a Thực hành nói tiếng Anh  |c Greg Eismin; Nguyễn Thành Yến (dịch)  |b Excellent easy English  |h nguồn liệu điện tử] 
260 # # |a T.P. Hồ Chí Minh  |b Tổng hợp T.P. Hồ Chí Minh  |c 2009 
300 # # |a 1 CD  |c 43/4 inch.  |e sách 
490 # # |a Học tiếng Anh theo đĩa hình. HomeCollege 
653 # # |a Giao tiếp 
653 # # |a Ngôn ngữ 
653 # # |a Đối thoại 
653 # # |a Đĩa CD 
653 # # |a Đàm thoại 
653 # # |a Tự học 
653 # # |a Tiếng Anh 
700 1 # |a Nguyễn, Thành Yến  |e Dịch 
852 # # |j DPT.0003602 
852 # # |b Kho đa phương tiện  |j DPT.0003602 
910 0 # |d 09/06/2016 
980 # # |a Trung tâm Học liệu Lê Vũ Hùng, Trường Đại học Đồng Tháp